<?xml version="1.0" encoding="UTF-8"?>
<record
    xmlns:xsi="http://www.w3.org/2001/XMLSchema-instance"
    xsi:schemaLocation="http://www.loc.gov/MARC21/slim http://www.loc.gov/standards/marcxml/schema/MARC21slim.xsd"
    xmlns="http://www.loc.gov/MARC21/slim">

  <leader>01472nab a2200265 uc4500</leader>
  <controlfield tag="001">783776</controlfield>
  <controlfield tag="005">20250218091150.0</controlfield>
  <controlfield tag="008">021105s2002                        spa  </controlfield>
  <datafield tag="035" ind1=" " ind2=" ">
    <subfield code="a">783776</subfield>
  </datafield>
  <datafield tag="035" ind1=" " ind2=" ">
    <subfield code="a">(OCoLC)819996554</subfield>
  </datafield>
  <datafield tag="040" ind1=" " ind2=" ">
    <subfield code="c">comduadb</subfield>
  </datafield>
  <datafield tag="041" ind1=" " ind2=" ">
    <subfield code="a">spa</subfield>
  </datafield>
  <datafield tag="100" ind1="1" ind2="0">
    <subfield code="a">Acevedo D&#xED;az, Jos&#xE9; Antonio</subfield>
    <subfield code="4">aut</subfield>
    <subfield code="e">aut</subfield>
    <subfield code="9">495965</subfield>
  </datafield>
  <datafield tag="245" ind1="1" ind2="0">
    <subfield code="a">Sobre las actitudes y creencias CTS del profesorado de primaria, secundaria y universidad</subfield>
  </datafield>
  <datafield tag="520" ind1="3" ind2=" ">
    <subfield code="a">En este estudio se comparan las actitudes y creencias  CTS del profesorado en ejercicio de ense&#xF1;anza primaria, secundaria y universidad, evaluadas con una selecci&#xF3;n de 35 cuestiones del Cuestionamiento de Opiniones sobre, CTS (COCTS) y utilizando, procedimientos recientemente mejorados. Se encuentran algunas diferencias, estad&#xED;sticamente significativas siempre favorables a los profesores de secundaria respecto a los de primaria y universidad, pero no entre los profesores de estos dos niveles.</subfield>
  </datafield>
  <datafield tag="650" ind1=" " ind2="7">
    <subfield code="a">Ciencia y tecnolog&#xED;a</subfield>
    <subfield code="2">lemb</subfield>
    <subfield code="9">44988</subfield>
  </datafield>
  <datafield tag="650" ind1=" " ind2=" ">
    <subfield code="a">Conocimiento cient&#xED;fico</subfield>
    <subfield code="9">57311</subfield>
  </datafield>
  <datafield tag="650" ind1=" " ind2="7">
    <subfield code="a">Ciencia</subfield>
    <subfield code="x">Ense&#xF1;anza</subfield>
    <subfield code="2">lemb</subfield>
    <subfield code="9">3024</subfield>
  </datafield>
  <datafield tag="650" ind1=" " ind2="7">
    <subfield code="a">Ciencia y civilizaci&#xF3;n</subfield>
    <subfield code="2">lemb</subfield>
    <subfield code="9">38345</subfield>
  </datafield>
  <datafield tag="700" ind1="1" ind2="0">
    <subfield code="a">Vazquez Alonso, Angel</subfield>
    <subfield code="4">aut</subfield>
    <subfield code="e">aut</subfield>
    <subfield code="9">275545</subfield>
  </datafield>
  <datafield tag="700" ind1="1" ind2="0">
    <subfield code="a">Acevedo Romero, Pilar</subfield>
    <subfield code="4">aut</subfield>
    <subfield code="e">aut</subfield>
    <subfield code="9">364990</subfield>
  </datafield>
  <datafield tag="700" ind1="1" ind2="0">
    <subfield code="a">Manassero, Mar&#xED;a Antonia</subfield>
    <subfield code="4">aut</subfield>
    <subfield code="e">aut</subfield>
    <subfield code="9">314809</subfield>
  </datafield>
  <datafield tag="773" ind1="0" ind2=" ">
    <subfield code="t">Tarbiya. Revista de Investigaci&#xF3;n e Innovaci&#xF3;n (Madrid)</subfield>
    <subfield code="g">No. 30, Ene.-Jun, 2002, p. 5-27</subfield>
    <subfield code="w">260977</subfield>
    <subfield code="x">1132-6239</subfield>
    <subfield code="0">99222</subfield>
  </datafield>
  <datafield tag="942" ind1=" " ind2=" ">
    <subfield code="c">ARIMP</subfield>
  </datafield>
  <datafield tag="999" ind1=" " ind2=" ">
    <subfield code="c">269954</subfield>
    <subfield code="d">269954</subfield>
  </datafield>
</record>
